แสดงรายละเอียดบรรณานุกรม
  กลับหน้าหลัก

Brief Record : Get Marc (ISO 2709) : E-mail record : QR code ปิดหน้าต่าง
E-books : เกี่ยวกับ Collections
LEADER 00000nam 2200000uu 4500
001    210579
003     ULIBM
008    020711s2556 th a 000 0 tha d
020    978-616-91446-3-2
041    ^atha^beng
060  4 WY 19 ค695 2556
245    คู่มือการรับรองสถาบันการศึกษาวิชาการพยาบาลและการผดุงครรภ์ สำหรับสถาบันการศึกษาที่มีผู้สำเร็จการศึกษาหลักสูตรพยาบาลศาสตรบัณฑิต พ.ศ.2556/^cบรรณาธิการ,สุปราณี เสนาดิสัย.
250    พิมพ์ครั้งที่ 1
260    นนทบุรี :^bบริษัทจุดทอง จำกัด,^c2556
300    90 หน้า :^bตาราง ;^c26 ซม.
650  4 การพยาบาล^xคู่มือ
650  4 ^aการรับรองสถาบัน^xพยาบาล^xคู่มือ
700 0  ^aสุปราณี เสนาดิสัย,^eบรรณาธิการ
710 2  ^aสภาการพยาบาล
999    ^aใช้งานได้ทุกระบบ
รายการนี้ยังไม่มีแท็ก
คุณยังไม่ได้ล็อกอิน คุณสามารถมีกิจกรรมร่วมกับเว็บไซต์ได้ แต่ต้องล็อกอินก่อน ::
  ล็อกอิน
ลำดับที่ ประเภท เลขเรียก สถานที่ สถานะ
1. หนังสือทั่วไป
หนังสือทั่วไป
WY 19 ค695 2556 ฉ.1 
  
ห้องสมุด หอพักนักศึกษา (ห้องเหลือง) On Shelf
  ขอยืม
Note:งบประมาณปี 2558
2. หนังสือทั่วไป
หนังสือทั่วไป
WY 19 ค695 2556 ฉ.2 
  
ห้องสมุด หอพักนักศึกษา (ห้องเหลือง) On Shelf
  ขอยืม
Note:งบประมาณปี 2558
   [แสดง 2/2 รายการ]

รายการใกล้เคียง
    หัวเรื่อง [การพยาบาล คู่มือ]

BibComment


ยังไม่เคยถูกคอมเมนท์

คอมเมนท์ทรัพยากรรายการนี้
  คอมเมนท์: คู่มือการรับรองสถ..
Bib 210579

 
 
 

 Union Library Management : ULibM
Copyright 2026. All Rights Reserved.
скачать бесплатно без регистрации порно красивый секс HD Sex Hindi sex

xxx gou

xxxx

bfxxx

xxxwww

Секса Видео

xxxx

Секса Видео

detube

geilexxx

C99 Shell

worms shell

blod xxx video
Ebony Coed Rihanna Rimes Takes A Dick In Her Young Twat priyaa indian fuck anal and pusssy hardcore indian women xxx desi hardcore fucking part 1 bengalixxxcouple